书目信息 |
| 题名: |
建设工程施工合同 (示范文本) (GF-2013-0201) 与建设工程施工合同 (示范文本) (GF-1999-0201) 对照解读
|
|
| 作者: | 建设工程施工合同 | |
| 分册: | ||
| 出版信息: | 北京 中国建筑工业出版社 2017.11 |
|
| 页数: | 90页 | |
| 开本: | 29cm | |
| 丛书名: | 新版建设工程合同示范文本系列丛书 | |
| 单 册: | ||
| 中图分类: | TU723.1 | |
| 科图分类: | ||
| 主题词: | 建筑工程--jian zhu gong cheng--合同--范文--中国 | |
| 电子资源: | ||
| ISBN: | ||
| 000 | 01541nam 2200277 450 | |
| 001 | 1940299413 | |
| 005 | 20190306111320.45 | |
| 010 | @dRMB 39.00 | |
| 100 | @a20131101d2017 em y0chiy50 ea | |
| 101 | 0 | @achi |
| 102 | @aCN@b110000 | |
| 105 | @aak z 000yy | |
| 200 | 1 | @a建设工程施工合同 (示范文本) (GF-2013-0201) 与建设工程施工合同 (示范文本) (GF-1999-0201) 对照解读@Ajian she gong cheng shi gong he tong ( shi fan wen ben ) (GF-2013-0201) yu jian she gong cheng shi gong he tong ( shi fan wen ben ) (GF-1999-0201) dui zhao jie du@eGF-2017-0201@f建设工程施工合同@Fjian she gong cheng shi gong he tong |
| 210 | @a北京@c中国建筑工业出版社@d2017.11 | |
| 215 | @a90页@c图@d29cm | |
| 225 | 2 | @a新版建设工程合同示范文本系列丛书@Axin ban jian she gong cheng he tong shi fan wen ben xi lie cong shu |
| 330 | @a本书主要内容包括: 《建设工程施工合同 (示范文本) 》 (GF-2013-0201) “合同协议书”与《建设工程施工合同 (示范文本) 》 (GF-1999-0201) “协议书”对照解读 ; 《建设工程施工合同 (示范文本) 》 (GF-2013-0201) “通用合同条款”与《建设工程施工合同 (示范文本) 》 (GF-1999-0201) “通用条款”对照解读等。 | |
| 410 | 0 | @12001 @a新版建设工程合同示范文本系列丛书 |
| 517 | @aGF-2017-0201 | |
| 540 | @a建设工程施工合同 (示范文本) (GF-2013-0201) 与建设工程施工合同 (示范文本) (GF-1999-0201) 对照解读 | |
| 606 | 0 | @a建筑工程@Ajian zhu gong cheng@x合同@x范文@y中国 |
| 690 | @aTU723.1@v5 | |
| 701 | 0 | @a建设工程施工合同@Ajian she gong cheng shi gong he tong |
| 801 | @aCN | |
| 901 | @a1416 | |
| 905 | @b1101949-51@dTU723.1@eJ3111@f3@a241430 | |
| 建设工程施工合同 (示范文本) (GF-2013-0201) 与建设工程施工合同 (示范文本) (GF-1999-0201) 对照解读:GF-2017-0201/建设工程施工合同.-北京:中国建筑工业出版社,2017.11 |
| 90页:图;29cm.-(新版建设工程合同示范文本系列丛书) |
| ISBN :RMB 39.00 |
| 本书主要内容包括: 《建设工程施工合同 (示范文本) 》 (GF-2013-0201) “合同协议书”与《建设工程施工合同 (示范文本) 》 (GF-1999-0201) “协议书”对照解读 ; 《建设工程施工合同 (示范文本) 》 (GF-2013-0201) “通用合同条款”与《建设工程施工合同 (示范文本) 》 (GF-1999-0201) “通用条款”对照解读等。 |
| ● |
| 相关链接 |
|
|
|
正题名:建设工程施工合同 (示范文本) (GF-2013-020
索取号:TU723.1/J3111
 
预约/预借
| 序号 | 登录号 | 条形码 | 馆藏地/架位号 | 状态 | 备注 |
| 1 | 1305446 | 213054460 | 建筑库201/201建筑库 32排3列1层/ [索取号:TU723.1/J3111] | 在馆 |